OPAC Home

Contemporary Sri Lankan society and politics: Felicitation volume in honour of renowned Sri Lankan sociologist professor st hettige (Record no. 143781)

MARC details
000 -LEADER
fixed length control field 00589nam a22001937a 4500
003 - CONTROL NUMBER IDENTIFIER
control field LK-CoDNM
005 - DATE AND TIME OF LATEST TRANSACTION
control field 20231128122459.0
008 - FIXED-LENGTH DATA ELEMENTS--GENERAL INFORMATION
fixed length control field 231128b |||||||| |||| 00| 0 eng d
020 ## - INTERNATIONAL STANDARD BOOK NUMBER
International Standard Book Number 18577881
040 ## - CATALOGING SOURCE
Original cataloging agency LK-CoDNM
Modifying agency LK-CoDNM
Description conventions LK-CoDNM
041 ## - LANGUAGE CODE
Language code of text/sound track or separate title English
080 ## - UNIVERSAL DECIMAL CLASSIFICATION NUMBER
Universal Decimal Classification number 301
Item number CON
942 ## - ADDED ENTRY ELEMENTS (KOHA)
Koha item type Books
100 ## - MAIN ENTRY--PERSONAL NAME
Personal name No author
700 ## - ADDED ENTRY--PERSONAL NAME
Personal name Iresha M Lakshman
Relator term editor
245 ## - TITLE STATEMENT
Title Contemporary Sri Lankan society and politics: Felicitation volume in honour of renowned Sri Lankan sociologist professor st hettige
260 ## - PUBLICATION, DISTRIBUTION, ETC. (IMPRINT)
Place of publication, distribution, etc. Colombo
Name of publisher, distributor, etc. Colombo University press
Date of publication, distribution, etc. 2020
300 ## - PHYSICAL DESCRIPTION
Extent 200p;24cm
Holdings
Withdrawn status Lost status Damaged status Not for loan Permanent Location Current Location Date acquired Full call number Barcode Koha item type
        Library National Museum Colombo - Sri Lanka Library National Museum Colombo - Sri Lanka 2023-11-28 301 CON 175295 Books
Copyright © 2023 Department of National Museum, Colombo 07, Sri Lanka Funded by UNESCO IFAP UNESCO